000 00619nam a2200169 a 4500
008 190122s1998 ||||||||||||||||| || u
020 _a9780007549627
050 _aHD 57.7 Sha
100 _aSharma, Robin
245 1 0 _aLeadership wisdom from the monk who sold his Ferrari
_cby Robin Sharma
260 _aLondon
_bThorsons
_c1998
300 _axii, 254 Various pages.: ill.
350 _a12.09
650 0 _aLEADERSHIP
650 0 _aSUCCESS IN BUSINESS
995 _FCBU-MAIN LIBRARY (Kitwe)
_I12.09
_M1
_UAVAILABLE
_WFeb 1, 2019
_ZMain Library Open Access Collection
999 _c48988
_d48988